=LDR 00000nam 2200000 4500 =001 INLIS000000000002262 =005 20130612090620 =008 ***********************************Ind** =035 ##$$0010-061300000002262 =041 ##$$a Ind =082 ##$$a 920.5 =090 ##$$a 920.5, Tri h =100 ##$$a Trimurti,EK. s.k =245 ##$$a Hubungan penyerahan buruh Indonesia dengan pergerakan kemerdekaan nasional, Dra.Ek.SK. Trimurti =260 ##$$a [19-?] $b Jakarta =300 ##$$a 31 hlm, ilus, 21 cm =650 ##$$a Biografi wartawan =850 ##$$a NBPNMAT